000 00765nam a2200217 a 4500
001 000044018
005 20201002045109.0
008 140513s1982 sp c 000 0 spa d
020 _a8432056790
040 _aDO-SdBNP
_bspa
_cBNPHU
100 1 _aMérida, María
_971995
245 1 0 _aEntrevista con la Iglesia /
_cMaría Mérida.
260 _aBarcelona, :
_bPlaneta,
_c1982.
300 _a263 p. :
_bretrs. ;
_c25 cm.
490 1 _aEspejo de España
_v79
500 _aLa jerarquía eclesiástica española en su verdad humana y pastoral.
500 _aIncluye datos biografícos de la autora en la solapa de la portada.
500 _aFinalista premio Espejo de España 1982
500 _aIncluye índice onomástico
830 0 _aEspejo de España
_n79
_971996
999 _c43507
_d43507